MDQL
is popping MORE tags! Check the
thread
!
Quizzes
Events
Quiz Creation
Community
Videos
Private Events
Remove Ads
Sign In
Join for FREE
Feedback
Dark Mode
Quiz Categories
Sports
Geography
Music
Movies
Television
Just For Fun
Miscellaneous
History
Literature
Language
Science
Gaming
Entertainment
Religion
Holiday
For Kids
Quiz Lab
Recent
Popular Today
Quiz Kudos Today
Editor Picks
Curator Picks
Quizzes by...
Day
Popularity
Type
Ratings
Length
Year
Community
Subscriptions
Recent Discussions
Orange Saloon
Badges
Playlists
Quests
Create
Leaderboards
Showdown
Live 5
Trivia Bingo
Activity
Puzzle Library
Sporcle Events
Private Events
Virtual Trivia
Globe League
Become a Host
Pub Owners
SporcleCon
Opinionation
Our Games
Videos
Blog
Mobile Apps
Partnerships
Remove Ads and Go Orange
Feedback
Television
TV Characters
TV Show
Sitcom
Network
Friends
Reality Shows
Cast
South Park
Star Trek
The Simpsons
Doctor Who
Television
TV Characters
TV Show
Sitcom
Network
Friends
Reality Shows
Cast
South Park
Star Trek
The Simpsons
Doctor Who
Random Quiz
Search Sporcle
×
Quiz Lab
Quiz Lab
Television
britain
Type in answers that appear in a list
Type in answers that appear in a list
Classic
Best Score? Go Orange.
Characters of Little Britain Series 1-3 Stats
Can you name the Characters of Little Britain Series 1-3?
By
mgale
9m
42 Questions
477 Plays
477 Plays
477 Plays
Comments
Comments
Give Quiz Kudos
Give Quiz Kudos
-
- Ratings
hide this ad
Replay
Link that replays current quiz
Next Quiz
Link to next quiz in quiz playlist
You Got
0%
They Got
Avg Score
35%
Avg Friend Score
Upgrade to see
Score Distribution
Jump to the score distribution portion of the page
Score
0/42
Timer
09:00
0
Plays Today
% Correct
Andy Pipkin
80.7%
Anne
80.5%
Bubbles De Vere
79.5%
Lou Todd
77.8%
Vicky Pollard
71.9%
Carol Beer
65%
Sebastian Love
62.1%
Linda Flint
58.1%
Ting Tong Macadangdang
57.2%
Daffyd Thomas
55.8%
Eddie (Emily) Howard
54.7%
Dennis Waterman
52.6%
Kenny Craig
47.6%
Marjorie Dawes
46.8%
Florence Rose
46.5%
Des Kaye
43.8%
Mr Dudley
40.7%
Maggie Blackamore
39.8%
Mr Mann
39.8%
Myfanwy
38.2%
Judy Pike
30.8%
% Correct
Harvey Pincher
30%
Sir Bernard Chumley
26.2%
Desiree De Vere
26.2%
Orville
23.9%
Dame Sally Markham
23.5%
Mrs Emery
21.8%
Ray McCooney
21.8%
Roman De Vere
20.3%
Denver Mills
18.9%
Ralph Patterson
15.3%
Pat and Don
11.7%
Liz and Clive
11.3%
Alan
11.1%
Matthew Waterhouse
11.1%
Sir Norman Fry
10.7%
Letty Bell
10.3%
Mr Cleeves
9.9%
Ian and Ian
9.4%
Edward Grant
9%
Michael Dinner
8%
Sid Pegg
7.1%
Quiz Playlist
Details
Report
Send in Message
Add To Playlist
Classic:
Type in answers that appear in a list
Last Updated: Feb 16, 2017
Quiz Scoreboard
CHALLENGE
Sign Up to Join the Scoreboard
Show All
Scores
Hide
Comments
May contain spoilers
Recently Published
5x2 Blitz: Bands
by SL_Kpop136
Music
30s
Colored Red Africa Blitz
by spor1
Geography
30s
Find the 'City' Movie
by crazypaving
Movies
60s
More to Explore
Quiz From the Vault
Featured Blog Post
14 Easter Pick-up Lines to Find Eggs With
hide this ad
You Might Also Like...
Tags
1-3
britain
Character
little
Little Britain
Today's Top Quizzes in Television
Browse Television
hide this ad
Today's Top Quizzes in britain
Browse britain
Top Contributed Quizzes in Television
1
Survivor Journey Challenge
2
Brooklyn Nine Nine Logic Puzzle (How-To-Play)
3
Total Drama Characters
4
Phoebe Buffay Quotes
5
Survivor Trivia
6
Survivor Logic Puzzle: Heroes vs. Villains
7
Emmerdale Characters (from August 2012)
8
One Tree Hill Logic Puzzle
9
Adjectives in 00s TV Shows
10
All US Survivor Seasons in Order
Explore More
Trending Topics
Marvel
Harry Potter
Disney
Crossword
Kpop
NBA
Anime
Country
The Office
Soccer
WWE
Pokémon
NFL
Puzzle
Song
hide this ad
More By:
mgale
Quiz
Plays
Rating
Category
Featured
Created
Characters of Little Britain Series 1-3
477
4.00
Television
Nov 23, 2010
Go to Creator's Profile
Score Distribution
Quiz Creator Spotlight
mgale
Follow
Send a Message
Quizzes Created
-
Created Quiz Play Count
-
More By This Creator
Popular Quizzes Today
1
Colored Red Africa Blitz
2
Find the 'City' Movie
3
Find the US States - No Outlines Minefield
4
5x2 Blitz: Bands
5
The Countries of the World
6
Find the US States
7
US States
8
Find the Countries of Europe - No Outlines Minefield
More Television Quizzes
The Following Program is Not Suitable For Children II
Published
Trending Quizzes
Colored Red Europe Blitz I
Colored Red Africa Blitz II
Colored Red Europe Blitz II
Colored Red Europe Blitz III
Colored Red Africa Blitz III
Recently Updated
How Do You Spell That?
pecheneg
Godzilla Movies
pecheneg
Grab Bag: 4-10 Letters
pecheneg
2024 March Madness Bracket
pecheneg
Famous TV Couples
Peacemaker
Champions League XIs: Real Madrid
pecheneg
Largest US Cities 1790-2010
pecheneg
Rides in Walt Disney World
pecheneg
Most Oscar Losses (Acting)
pecheneg
Beyoncé Albums
pecheneg
Trending Topics
NBA
Harry Potter
Disney
Crossword
Marvel
Kpop
Anime
NFL
Pokémon
Country
WWE
Song
Soccer
The Office
Puzzle
Your Account Isn't Verified!
In order to create a playlist on Sporcle, you need to verify the email address you used during registration. Go to your
Sporcle Settings
to finish the process.
Report this User
Report this user for behavior that violates our
Community Guidelines
.
Details:
Send Report
Go to the Sporcle.com Mobile Site →
Comments